000 00596nam a22002177a 4500
003 OSt
005 20140310181925.0
008 130720t xxu||||| |||| 00| 0 eng d
020 _a9716590768
050 _aGV 1507
_b.Sc416 1998
082 _aFIL 530
_bSc2 1998
245 _aScience crosswords and other puzzles :
_b Physics Vol.4.
260 _aMakati City :
_bBelgosa Distribution Inc,
_c1998.
300 _a48 p.;
_c22 cm.
520 _a1. Physics 2. Crossword puzzles
521 _a
541 _j1
541 _j2
562 _e2
942 _2lcc
_cBK-FIL
_kFIL
999 _c7160
_d7160